000 00666cam a2200229 a 4500
001 000018428
005 20200929165515.0
008 721227s1967 sp 000 1 spa d
040 _aDO-SdBNP
_bspa
_cLC
_dBNPHU
042 _apremarc
082 _a863.64
_bC352h
100 1 _aCastillo Puche, José Luis.
_925615
245 1 0 _aHicieron partes /
_cJ.L. Castillo-Puche.
260 _aBarcelona :
_bDestino,
_c1967.
300 _a325 p. ;
_c19 cm.
490 1 _aÁncora y Delfín,
_v297
650 4 _aNovela española
_91123
650 4 _aLiteratura española
_9632
830 0 _aÁncora y Delfín,
_v297
_95000
910 _aCatalogación derivada
049 _aBNGR
999 _c17949
_d17949